Statistics for -Ary Vocabulary Words

Click here to take the quiz!

General Stats

  • This quiz has been taken 305 times
  • The average score is 12 of 20

Answer Stats

DefinitionWord% Correct
Webster and Collins have published onedictionary
91%
Of the army, navy or airforcemilitary
84%
A date-based journaldiary
83%
Does dictation, filing, typing etcsecretary
83%
Lovemaking positionmissionary
81%
Bibliotecalibrary
79%
Zoo for birdsaviary
72%
Required, essentialnecessary
70%
Limit of a countryboundary
62%
What you do you a job forsalary
62%
Where a river meets the seaestuary
59%
Plain, undistinguishedordinary
53%
A company owned by anothersubsidiary
47%
Sports broadcasts have onecommentary
43%
Of the present day; moderncontemporary
42%
Without paymentvoluntary
40%
Tired, exhaustedweary
37%
Taking an opposing positioncontrary
36%
Alter; changevary
34%
What follows secondary and tertiaryquaternary
21%

Score Distribution

Percentile by Number Answered

Percent of People with Each Score

Your Score History

You have not taken this quiz